Geografía por Imágenes- M - Estadísticas

Estadísticas generales
  • Esta prueba ha sido intentada 4.972 veces
  • La puntuación promedio es 12 de 18
Estadísticas de respuestas
Imagen Hint Respuesta % Correcto
país Macedonia
91%
ciudad Moscú
91%
país Malasia
87%
idioma Mandarín
85%
país Mongolia
85%
ciudad Madrid
83%
isla Madagascar
79%
país Mónaco
72%
isla Manhattan
71%
país Moldavia
70%
ciudad Milán
69%
isla Malta
54%
río Misisipi
49%
río Mekong
43%
fenómeno meteorológico Monzón
40%
mar Mar de {Mármara}
31%
capital Malé
28%
región Medio Oeste
25%
No se encontraron pruebas coincidentes
Distribución de puntuación
Porcentaje de gente con cada puntuación
Porcentaje por número respondido
Historial de tus puntuaciones
No has intentado esta prueba.